000 00989cam a2200289 i 4500
001 18851676
003 EG-ScBUE
005 20250707084404.0
008 151110s2016 enka f b 001 0 eng d
020 _a9780815381976
035 _a18851676
040 _aDLC
_beng
_erda
_cDLC
_dDLC
_dEG-ScBUE
082 0 4 _a307.1216
_222
_bTHO
100 1 _aThomas, Derek,
_d1940-
_eauthor
245 1 0 _aPlacemaking :
_ban urban design methodology /
_cDerek Thomas.
264 1 _aLondon ;
_aNew York :
_bRoutledge/Taylor & Francis Group,
_c2016.
300 _axiv, 159 pages :
_billustrations ;
_c24 cm.
336 _atext
_2rdacontent
_btxt
337 _aunmediated
_2rdamedia
_bn
338 _avolume
_2rdacarrier
_bnc
490 0 _aRoutledge research in planning and urban design
504 _aIncludes bibliographical references and index.
650 7 _aCity planning
_xSocial aspects.
_2BUEsh
650 7 _aCity planning
_xCitizen participation.
_2BUEsh
655 _vReading book
942 _2ddc
_cBB
999 _c30991
_d30962